NFL Pro Bowl Wide Receivers 1990s - Statistics

General Stats
  • This quiz has been taken 121 times
  • The average score is 63 of 101
Answer Stats
Season Team Player % Correct
1998 49ers Jerry Rice
98%
1996 49ers Jerry Rice
98%
1995 49ers Jerry Rice
98%
1994 49ers Jerry Rice
98%
1993 49ers Jerry Rice
98%
1992 49er Jerry Rice
98%
1991 49ers Jerry Rice
98%
1990 49ers Jerry Rice
98%
1999 Jaguars Jimmy Smith
98%
1998 Jaguars Jimmy Smith
98%
1997 Jaguars Jimmy Smith
98%
1999 Vikings Randy Moss
96%
1998 Vikings Randy Moss
96%
1999 Colts Marvin Harrison
95%
1999 Raiders Tim Brown
94%
1997 Raiders Tim Brown
94%
1996 Raiders Tim Brown
94%
1995 Raiders Tim Brown
94%
1994 Raiders Tim Brown
94%
1993 Raiders Tim Brown
94%
1991 Raiders Tim Brown
94%
1999 Vikings Cris Carter
92%
1998 Vikings Cris Carter
92%
1997 Vikings Cris Carter
92%
1996 Vikings Cris Carter
92%
1995 Vikings Cris Carter
92%
1994 Vikings Cris Carter
92%
1993 Vikings Cris Carter
92%
1999 Jets Keyshawn Johnson
90%
1998 Jets Keyshawn Johnson
90%
1999 Rams Isaac Bruce
89%
1996 Rams Isaac Bruce
89%
1994 Bills Andre Reed
87%
1993 Bills Andre Reed
87%
1992 Bills Andre Reed
87%
1991 Bills Andre Reed
87%
1990 Bills Andre Reed
87%
1995 Cowboys Michael Irvin
87%
1994 Cowboys Michael Irvin
87%
1993 Cowboys Michael Irvin
87%
1992 Cowboys Michael Irvin
87%
1991 Cowboys Michael Irvin
87%
1994 Packers Sterling Sharpe
79%
1993 Packers Sterling Sharpe
79%
1992 Packers Sterling Sharpe
79%
1990 Packers Sterling Sharpe
79%
1998 Packers Antonio Freeman
67%
1999 Panthers Muhsin Muhammad
67%
1997 Lions Herman Moore
65%
1996 Lions Herman Moore
65%
1995 Lions Herman Moore
65%
1994 Lions Herman Moore
65%
1997 Cardinals Rob Moore
65%
1994 Jets Rob Moore
65%
1993 Falcons Andre Rison
60%
1991 Falcons Andre Rison
60%
1990 Falcons Andre Rison
60%
1991 Dolphins Mark Clayton
60%
1998 Broncos Ed McCaffrey
58%
1996 Jaguars Keenan McCardell
50%
1998 Bills Eric Moulds
49%
1996 Bengals Carl Pickens
42%
1995 Bengals Carl Pickens
42%
1997 Eagles Irving Fryar
39%
1996 Eagles Irving Fryar
39%
1994 Dolphins Irving Fryar
39%
1993 Dolphins Irving Fryar
39%
1999 Patriots Terry Glenn
39%
1997 Steelers Yancey Thigpen
38%
1995 Steelers Yancey Thigpen
38%
1995 Broncos Anthony Miller
37%
1993 Chargers Anthony Miller
37%
1992 Chargers Anthony Miller
37%
1990 Chargers Anthony Miller
37%
1991 Bills James Lofton
37%
1992 Oilers Ernest Givins
31%
1990 Oilers Ernest Givins
31%
1991 Redskins Gary Clark
31%
1990 Redskins Gary Clark
31%
1995 Bills Steve Tasker
31%
1994 Bills Steve Tasker
31%
1993 Bills Steve Tasker
31%
1992 Bills Steve Tasker
31%
1991 Bills Steve Tasker
31%
1990 Bills Steve Tasker
31%
1994 Falcons Terance Mathis
31%
1996 Chargers Tony Martin
29%
1997 Chargers Eric Metcalf
27%
1998 Ravens Jermaine Lewis
26%
1993 Oilers Haywood Jeffires
25%
1992 Oilers Haywood Jeffires
25%
1991 Oilers Haywood Jeffires
25%
1990 Oilers Drew Hill
20%
1998 Packers Roell Preston
20%
1993 Oilers Webster Slaughter
15%
1992 Eagles Fred Barnett
14%
1997 Chiefs Andre Rison
12%
1992 Falcons Andre Rison
12%
1992 Oilers Curtis Duncan
10%
1992 Colts Clarence Verdin
1%
1990 Colts Clarence Verdin
1%
No matching quizzes found
Score Distribution
Percent of People with Each Score
Percentile by Number Answered
Your Score History
You have not taken this quiz